Manufacturing and characterization of recycled SBR-based composites for surfboard decks (Record no. 74921)

MARC details
000 -LEADER
fixed length control field 01611nam a22002177a 4500
100 ## - MAIN ENTRY--AUTHOR NAME
Personal name Kerche, E.F
245 ## - TITLE STATEMENT
Title Manufacturing and characterization of recycled SBR-based composites for surfboard decks
260 ## - PUBLICATION, DISTRIBUTION, ETC. (IMPRINT)
Name of publisher Journal of Rubber Research, 25(4): 375-382.
Year of publication 2022
520 ## - SUMMARY, ETC.
Summary, etc The footwear processes generate a large amount of waste on the soles’ cutting and finishing steps. Styrene–butadiene rubber (SBR) is commonly used as feedstock for soles, mainly presenting good abrasion resistance, deformation and durability. These features make SBR a candidate for the manufacturing of non-slip surfaces, that provide softness, low density and wear resistance. The objective of this work was to develop a polymeric matrix composite material, using SBR scraps, from the shoes’ production, to design the non-slip surfboard decks. Composites, composed by different ratios of SBR (i.e., 20, 40, and 60 wt.%) and polymer matrices (i.e., polyvinylchloride (PVC), ethyl vinyl acetate (EVA), and styrene–butadiene styrene (SBS) rubber) were developed and characterized by tensile, morphological and apparent density. The main results showed that the SBS/SBR composite closely met the adhesion requirements for the final application, containing 20 wt.% SBR scraps.
650 ## - SUBJECT ADDED ENTRY--TOPICAL TERM
Topical Term Waste composite
650 ## - SUBJECT ADDED ENTRY--TOPICAL TERM
Topical Term Styrene-butadiene rubber
650 ## - SUBJECT ADDED ENTRY--TOPICAL TERM
Topical Term Footwear soles
650 ## - SUBJECT ADDED ENTRY--TOPICAL TERM
Topical Term Surfboard decks
700 ## - ADDED ENTRY--PERSONAL NAME
Personal name Schneider, E.L
700 ## - ADDED ENTRY--PERSONAL NAME
Personal name Grassi, G.D
700 ## - ADDED ENTRY--PERSONAL NAME
Personal name Robinson, L.C
700 ## - ADDED ENTRY--PERSONAL NAME
Personal name Furlanetto, A
700 ## - ADDED ENTRY--PERSONAL NAME
Personal name Luz, S.M.D
856 ## - ELECTRONIC LOCATION AND ACCESS
Uniform Resource Identifier https://doi.org/10.1007/s42464-022-00172-5
942 ## - ADDED ENTRY ELEMENTS (KOHA)
Koha item type Journals
Holdings
Withdrawn status Lost status Damaged status Not for loan Home library Current library Date acquired Koha item type
        RRII Library RRII Library 28/12/2022 Journals